000 03153nam a22002777a 4500
008 250217b |||||||| |||| 00| 0 eng d
020 _a9788417399559
040 _ctbs
041 _aspa
041 _heng
050 _aBF637.M4
_bA4718 2019
100 _aAltman, Don
_d1950-
_924751
_eauthor
240 _aMindfulness toolbox.
_lSpanish.
245 _a50 técnicas de mindfulness
_b: para la ansiedad, la depresión, el estrés y el dolor
_c/ Don Altman ; translated by Vicente Merlo.
260 _aMálaga, Spain :
_bEditorial Sirio,
_c[2019].
300 _a325 pages ;
_c23 cm.
520 _aLa literatura sobre mindfulness es abundante, pero este libro es especialmente útil ya que puede considerarse una especie de botiquín de primeros auxilios. Se trata de una guía repleta de estrategias, una caja de herramientas completa y bien estructurada, para incorporar el mindfulness a la psicoterapia de forma atractiva y eficaz. Las prácticas propuestas en esta guía, invitan al lector a reevaluar y observar sus propios pensamientos y hábitos negativos, su ansiedad, su dolor y su estrés, pero de un modo original, una manera que permite una nueva comprensión más profunda y que propicia el cambio positivo. Descubre cómo empezar a aplicar sorprendentes técnicas diseñadas por expertos. Se trata de herramientas fáciles de usar y reproducir, como por ejemplo distintas técnicas de respiración, prácticas para superar la depresión o calmar la ansiedad, ejercicios para mejorar las habilidades de comunicación, meditaciones para la aceptación y el dolor, etc. Este libro es ideal para quienes deseen aplicar los beneficios de la atención plena a su bienestar psicológico, así como para profesionales de la psicoterapia que quieran integrar el mindfulness en su trabajo.
520 _aThe literature on mindfulness is vast, but this book stands out as a particularly useful and accessible resource—a kind of first-aid kit for the mind. It serves as a comprehensive, well-structured toolbox, offering practical strategies to seamlessly integrate mindfulness into psychotherapy in an engaging and effective way. The exercises and techniques in this guide encourage readers to reevaluate and observe their own negative thoughts, habits, anxiety, pain, and stress—but in a fresh and innovative manner. This approach fosters a deeper understanding and paves the way for positive change. Discover how to apply expert-designed techniques, including breathing exercises, practices for overcoming depression and calming anxiety, tools to enhance communication skills, and meditations for acceptance and pain management. This book is perfect for anyone looking to incorporate the benefits of mindfulness into their psychological well-being, as well as for psychotherapy professionals seeking to integrate mindfulness into their practice.
650 0 _aMindfulness-based cognitive therapy
_924752
650 0 _aMeditation
_911807
650 0 _aStress (Psychology)
_924647
650 0 _aMind and body
_911131
655 0 _aSelf-Improvement
_924754
700 _aMerlo, Vicente
_924753
_etranslator
942 _2lcc
999 _c4500
_d4500